000 00394cam a2200169ua 4500
001 15629
008 120410n2008 II |||gr||||Z||||||eng
040 _aMAIN
041 _aEnglish
082 _a665.3 RAM
100 _aRAMAMOORTHY, K.
245 _aSEED TEACHNOLOGY READYRECKONER
260 _aJODHPUR
_bAGROBIOS
_c2008
300 _a119:
_c20CM.
700 _aSIVASUBRAMANIAM.
942 _cBK
999 _c15514
_d15514